| 000 | 01656nam0a22004091 4500 | ||
|---|---|---|---|
| 001 | RU\NLR\A1SV\36350 | ||
| 005 | 20251203171251.9 | ||
| 035 | _a(NLR Aleph) 009718834 | ||
| 090 |
_a9865410 _c9865410 |
||
| 100 | _a20010626d1919 u y0rusy50 ca | ||
| 101 | 0 | _arus | |
| 102 | _aRU | ||
| 135 | _acrcn 024anaba | ||
| 135 | _acrcn 024anaba | ||
| 200 | 1 |
_aЭтих глаз _eСтихи _fЮрий Деген _gВиньетка по рис. авт. |
|
| 210 |
_aПг. _cФеникс _d1919 |
||
| 215 |
_a16 с. _d19 см |
||
| 325 | 1 | _aКопия доступна в электронной библиотеке РНБ | |
| 451 | 1 |
_1001RU\NLR\A1SV\36351 _12001#$aЭтих глаз$eСтихи$fЮрий Деген$gВиньетка по рис. авт. _1700#1$aДеген$bЮ.Е.$f1896-1923$gЮрий Евгеньевич$4070 _99865412 _aДеген, Ю.Е. (1896-1923) _cПг. _d1919 _e2-е изд. _fЮрий Деген _nФеникс _oСтихи _p16 с. _tЭтих глаз |
|
| 620 | _dСанкт-Петербург | ||
| 700 | 1 |
_aДеген _bЮ.Е. _f1896-1923 _gЮрий Евгеньевич _4070 |
|
| 801 | 0 |
_aRU _bNLR _c20010626 |
|
| 852 |
_aNLR _jЛ 30 В-4/227 |
||
| 852 |
_aNLR _jЛ 30 В-4/227а |
||
| 856 | 0 | _uhttp://vivaldi.nlr.ru/bx000009232/view | |
| 856 | 1 | _uhttp://vivaldi.nlr.ru/bx000009232/cover | |
| 856 | 2 | _uhttp://vivaldi.nlr.ru/bx000009232/text | |
| 899 | _aBMG | ||
| 899 | _aРГБ | ||
| 899 | _aUVA | ||
| 899 | _aBnF | ||
| 901 | _eКнижные издания | ||
| 942 | _cBOOK | ||
| 980 | _aNB | ||
| 980 | _aA1SV | ||
| 981 | 3 | 9 | _a(39) Русский авангард |